Richest countries by GDP per Capita in 1950 - Statistics

General Stats
  • This quiz has been taken 63 times
    57 since last reset
  • The average score is 7 of 10
Answer Stats
GDP per Capita Country % Correct
$9,573.00 United States
96%
$7,047.00 Canada
85%
$7,218.00 Australia
81%
$6,683.00 Denmark
81%
$6,738.00 Sweden
75%
$8,939.00 Switzerland
75%
$8,495.00 New Zealand
72%
$5,850.00 Netherlands
68%
$5,346.00 Belgium
60%
$7,424.00 Venezuela
21%
No matching quizzes found
Score Distribution
Percent of People with Each Score
Percentile by Number Answered
Your Score History
You have not taken this quiz since the last reset